[Event "CUB Province-chT Schools 54th"]
[Site "Santa Clara"]
[Date "2018.07.17"]
[Round "9.4"]
[White "Bello Rodriguez, Jonathan"]
[Black "Rodriguez Rodriguez, Daniel"]
[Result "0-1"]
[WhiteElo "1980"]
[BlackElo "2098"]
[PlyCount "86"]
[EventDate "2018.07.13"]
[EventType "team-swiss"]
[EventRounds "9"]
[EventCountry "CUB"]
[SourceTitle "CBM 195 Extra"]
[Source "ChessBase"]
[SourceDate "2020.05.31"]
[SourceVersion "1"]
[SourceVersionDate "2020.05.31"]
[SourceQuality "1"]
[WhiteTeam "Pinar del Rio"]
[BlackTeam "La Habana"]
[WhiteTeamCountry "CUB"]
[BlackTeamCountry "CUB"]

1. d4 d5 2. c4 c6 3. Nf3 Nf6 4. g3 Bf5 5. Bg2 e6 6. Nc3 Nbd7 7. 0-0 Bd6 8. Nh4 Bg6 9. Nxg6 hxg6 10. e4 dxe4 11. Nxe4 Nxe4 12. Bxe4 e5 13. dxe5 Nxe5 14. f4 Bc5+ 15. Kg2 Qxd1 16. Rxd1 Nxc4 17. b3 Nd6 18. Bf3 0-0 19. g4 Rad8 20. Bb2 Nb5 21. Rxd8 Rxd8 22. Rd1 Rxd1 23. Bxd1 Bd4 24. Bxd4 Nxd4 25. Kf2 Nb5 26. Be2 Nc3 27. a3 Nb5 28. a4 Nd4 29. Bd1 Kf8 30. Ke3 Ne6 31. b4 Nc7 32. Bb3 Ke7 33. Ke4 Na6 34. h4 Nxb4 35. f5 gxf5+ 36. Kxf5 b5 37. h5 f6 38. Kg6 Kf8 39. h6 gxh6 40. Kxf6 a6 41. axb5 axb5 42. Be6 Nd5+ 43. Ke5 Ke7 0-1

[Event "CUB Province-chT Schools 54th"]
[Site "Santa Clara"]
[Date "2018.07.16"]
[Round "7.1"]
[White "Bello Rodriguez, Jonathan"]
[Black "Perez Leiva, Jerzy Jesus"]
[Result "1/2-1/2"]
[WhiteElo "1980"]
[BlackElo "2326"]
[PlyCount "54"]
[EventDate "2018.07.13"]
[EventType "team-swiss"]
[EventRounds "9"]
[EventCountry "CUB"]
[SourceTitle "CBM 195 Extra"]
[Source "ChessBase"]
[SourceDate "2020.05.31"]
[SourceVersion "1"]
[SourceVersionDate "2020.05.31"]
[SourceQuality "1"]
[WhiteTeam "Pinar del Rio"]
[BlackTeam "Villa Clara"]
[WhiteTeamCountry "CUB"]
[BlackTeamCountry "CUB"]

1. d4 Nf6 2. c4 c5 3. d5 e6 4. Nc3 exd5 5. cxd5 d6 6. e4 g6 7. Nf3 Bg7 8. Bd3 0-0 9. 0-0 Bg4 10. h3 Bxf3 11. Qxf3 Nbd7 12. Bf4 Qe7 13. Rfe1 Ne5 14. Bxe5 Qxe5 15. Qe3 Rfe8 16. f4 Qe7 17. Kh1 Nh5 18. g4 Bd4 19. Qf3 Nf6 20. Re2 Nd7 21. Nb5 g5 22. Nxd4 cxd4 23. Bb5 Rac8 24. Rd1 d3 25. Rxd3 Rc1+ 26. Kg2 Rec8 27. Bxd7 Qxd7 1/2-1/2

[Event "Villa Roja de Artemisa tt"]
[Site "Artemisa"]
[Date "2018.06.23"]
[Round "7.1"]
[White "Bello Rodriguez, Jonathan"]
[Black "Gonzalez Lopez, Lazaro Miguel"]
[Result "0-1"]
[WhiteElo "1934"]
[BlackElo "1860"]
[PlyCount "66"]
[EventDate "2018.06.20"]
[EventType "team-tourn"]
[EventRounds "9"]
[EventCountry "CUB"]
[SourceTitle "EXT 2021"]
[Source "ChessBase"]
[SourceDate "2020.10.23"]
[SourceVersion "1"]
[SourceVersionDate "2020.10.23"]
[SourceQuality "1"]

1. d4 Nf6 2. c4 g6 3. Nc3 d5 4. cxd5 Nxd5 5. e4 Nxc3 6. bxc3 Bg7 7. Bc4 0-0 8. Ne2 c5 9. 0-0 Nc6 10. Be3 Bg4 11. f3 Na5 12. Bb3 cxd4 13. cxd4 Bd7 14. Rc1 Bb5 15. Rf2 Qd7 16. e5 e6 17. Nc3 Nxb3 18. Qxb3 Bc6 19. Ne4 Bxe4 20. fxe4 b6 21. Rfc2 Rfc8 22. Rc3 Rxc3 23. Qxc3 h6 24. Qc7 Rd8 25. a4 Kh7 26. h3 h5 27. Rc6 Bh6 28. Kf2 Bxe3+ 29. Kxe3 Qxd4+ 30. Kf3 Qd3+ 31. Kf2 Qd2+ 32. Kg1 Qe3+ 33. Kh2 Qf4+ 0-1

[Event "Villa Roja de Artemisa tt"]
[Site "Artemisa"]
[Date "2018.06.20"]
[Round "2.2"]
[White "Bello Rodriguez, Jonathan"]
[Black "Padrino Delgado, Leandro"]
[Result "1/2-1/2"]
[WhiteElo "1934"]
[BlackElo "1929"]
[PlyCount "31"]
[EventDate "2018.06.20"]
[EventType "team-tourn"]
[EventRounds "9"]
[EventCountry "CUB"]
[SourceTitle "EXT 2021"]
[Source "ChessBase"]
[SourceDate "2020.10.23"]
[SourceVersion "1"]
[SourceVersionDate "2020.10.23"]
[SourceQuality "1"]

1. d4 Nf6 2. Nf3 e6 3. c4 c5 4. d5 d6 5. Nc3 e5 6. e4 Be7 7. Bd3 0-0 8. 0-0 Na6 9. a3 Bd7 10. Bg5 Nc7 11. b4 b6 12. Rb1 Rb8 13. Qd2 h6 14. Be3 Ng4 15. b5 Nxe3 16. Qxe3 1/2-1/2

[Event "Capablanca Memorial U15 2nd"]
[Site "Havana"]
[Date "2018.05.18"]
[Round "6"]
[White "Salazar Gould, Melannie"]
[Black "Bello Rodriguez, Jonathan"]
[Result "1/2-1/2"]
[WhiteElo "1800"]
[BlackElo "1926"]
[PlyCount "95"]
[EventDate "2018.05.14"]
[EventType "swiss"]
[EventRounds "7"]
[EventCountry "CUB"]
[SourceTitle "EXT 2021"]
[Source "ChessBase"]
[SourceDate "2020.10.23"]
[SourceVersion "1"]
[SourceVersionDate "2020.10.23"]
[SourceQuality "1"]

1. e4 c5 2. Nf3 d6 3. Nc3 Nf6 4. e5 dxe5 5. Nxe5 Nbd7 6. d4 Nxe5 7. dxe5 Qxd1+ 8. Kxd1 Ng4 9. Bb5+ Bd7 10. e6 fxe6 11. Bxd7+ Kxd7 12. Ke2 g6 13. Ne4 Kc6 14. h3 Nf6 15. Ng5 Nd5 16. Nxe6 Nc7 17. Ng5 Bg7 18. c3 Raf8 19. Rd1 h6 20. Ne4 Rd8 21. Bf4 Nd5 22. Bg3 Nf6 23. Nd2 Rhf8 24. f3 Nh5 25. Bh2 e5 26. Ne4 Nf4+ 27. Kf1 b6 28. a4 a5 29. Bg1 Nd5 30. Rd2 Nf6 31. Rxd8 Rxd8 32. Nxf6 Bxf6 33. Ke2 Bg5 34. Rd1 Rxd1 35. Kxd1 Kd5 36. Kc2 e4 37. Bh2 exf3 38. gxf3 c4 39. Bc7 Be3 40. Kd1 Kc6 41. Be5 g5 42. Ke2 Bc1 43. Kd1 Bf4 44. Bd4 h5 45. Bf2 b5 46. axb5+ Kxb5 47. Kc2 a4 48. Bd4 1/2-1/2

[Event "Bayamo Cespedes tt"]
[Site "Bayamo"]
[Date "2018.03.01"]
[Round "1.3"]
[White "Rodriguez Basulto, Reyson Ricardo"]
[Black "Bello Rodriguez, Jonathan"]
[Result "0-1"]
[WhiteElo "1911"]
[BlackElo "1896"]
[PlyCount "94"]
[EventDate "2018.03.01"]
[EventType "team-tourn"]
[EventRounds "10"]
[EventCountry "CUB"]
[EventCategory "1"]
[SourceTitle "CBM 195 Extra"]
[Source "ChessBase"]
[SourceDate "2020.05.31"]
[SourceVersion "1"]
[SourceVersionDate "2020.05.31"]
[SourceQuality "1"]

1. e4 c5 2. Nf3 d6 3. d4 cxd4 4. Nxd4 Nf6 5. Nc3 a6 6. f3 e5 7. Nb3 Be6 8. Be3 h5 9. Nd5 Bxd5 10. exd5 g6 11. Qd2 Nbd7 12. Be2 Bg7 13. 0-0 0-0 14. h3 Nh7 15. c4 b6 16. Rac1 Bf6 17. Na1 Bg5 18. Nc2 Bxe3+ 19. Qxe3 a5 20. Na3 Kg7 21. Nb5 Nc5 22. b3 f5 23. f4 Re8 24. Bf3 Nf6 25. Rcd1 Nfe4 26. Bxe4 Nxe4 27. fxe5 Rxe5 28. Nd4 Nc5 29. Qf3 Qe8 30. Qg3 Qd7 31. Nf3 Re3 32. Qg5 Qe7 33. Rde1 Re8 34. Qxe7+ R8xe7 35. Rxe3 Rxe3 36. Re1 Rxe1+ 37. Nxe1 Kf6 38. Nf3 g5 39. Kf1 g4 40. Nd4 Ke5 41. Nc6+ Ke4 42. hxg4 fxg4 43. Ne7 Kf4 44. Nc8 Ne4 45. Nxb6 h4 46. Kg1 Kg3 47. c5 h3 0-1

[Event "Camaguey 504 Anniv Escolar"]
[Site "Camaguey"]
[Date "2018.??.??"]
[Round "6.1"]
[White "Gomez Almeida, Frank Luis"]
[Black "Bello Rodriguez, Jonathan"]
[Result "0-1"]
[WhiteElo "1880"]
[BlackElo "1896"]
[PlyCount "70"]
[EventDate "2018.02.01"]
[EventType "team-tourn"]
[EventRounds "7"]
[EventCountry "CUB"]
[SourceTitle "EXT 2021"]
[Source "ChessBase"]
[SourceDate "2020.10.23"]
[SourceVersion "1"]
[SourceVersionDate "2020.10.23"]
[SourceQuality "1"]

1. e4 c5 2. Nf3 d6 3. d4 cxd4 4. Nxd4 Nf6 5. Nc3 a6 6. Be3 e5 7. Nb3 Be6 8. f3 h5 9. Qd2 Nbd7 10. 0-0-0 Rc8 11. Kb1 b5 12. Nd5 Bxd5 13. exd5 Qc7 14. Be2 Nxd5 15. Rc1 Nxe3 16. Qxe3 d5 17. g4 g6 18. h4 Bg7 19. g5 0-0 20. Qd2 Nb6 21. Qa5 Qb7 22. Qb4 Nc4 23. Na5 Qc7 24. Nb3 Rfe8 25. Rhd1 Ne3 26. Rd3 d4 27. Qa5 Qxa5 28. Nxa5 Ng2 29. Rh1 f5 30. Bd1 e4 31. fxe4 fxe4 32. Rg3 Ne3 33. Nb3 Be5 34. Rgh3 Ng4 35. Re1 Nf2 0-1

[Event "CUB School-chT"]
[Site "Santa Clara"]
[Date "2017.07.16"]
[Round "8.3"]
[White "Ramos Silvera, Roberto Alejandro"]
[Black "Bello Rodriguez, Jonathan"]
[Result "0-1"]
[WhiteElo "1900"]
[BlackElo "1890"]
[PlyCount "116"]
[EventDate "2017.07.13"]
[EventType "team-swiss"]
[EventRounds "9"]
[EventCountry "CUB"]
[SourceTitle "EXT 2023"]
[Source "ChessBase"]
[SourceDate "2022.10.05"]
[SourceVersion "1"]
[SourceVersionDate "2022.10.05"]
[SourceQuality "1"]

1. e4 c5 2. Nc3 e6 3. Nf3 d6 4. d4 cxd4 5. Nxd4 a6 6. Be2 Nf6 7. 0-0 Nbd7 8. f4 Qc7 9. Bf3 Be7 10. Be3 0-0 11. Nb3 Rb8 12. Ba7 Ra8 13. Bd4 Rd8 14. Qe1 e5 15. fxe5 dxe5 16. Qg3 Bd6 17. Be3 Kh8 18. Qf2 b5 19. Kh1 Bb7 20. a3 Rac8 21. Qe2 Ba8 22. Rad1 Nb6 23. Bxb6 Qxb6 24. Nd5 Bxd5 25. exd5 Re8 26. Be4 Qd8 27. Nd2 g6 28. g3 Nxe4 29. Nxe4 f5 30. Nxd6 Qxd6 31. Rd3 Rc5 32. Rfd1 Rec8 33. c3 Rc4 34. Re3 e4 35. Qf2 R4c5 36. Re2 Rxd5 37. Red2 Rxd2 38. Qxd2 Qxd2 39. Rxd2 Kg7 40. Rd6 g5 41. Kg2 Rc5 42. Kf2 a5 43. Ke3 h5 44. h3 b4 45. axb4 axb4 46. cxb4 Rb5 47. g4 hxg4 48. hxg4 f4+ 49. Kxe4 Rxb4+ 50. Kf5 Rb5+ 51. Ke4 Rxb2 52. Rd5 Kf6 53. Rd6+ Kf7 54. Ra6 Re2+ 55. Kf5 f3 56. Ra7+ Re7 57. Ra3 f2 58. Rf3 Kg7 0-1

[Event "CUB School-chT"]
[Site "Santa Clara"]
[Date "2017.07.16"]
[Round "7.3"]
[White "Rodriguez Basulto, Reyson Ricardo"]
[Black "Bello Rodriguez, Jonathan"]
[Result "0-1"]
[WhiteElo "1879"]
[BlackElo "1890"]
[PlyCount "122"]
[EventDate "2017.07.13"]
[EventType "team-swiss"]
[EventRounds "9"]
[EventCountry "CUB"]
[SourceTitle "EXT 2023"]
[Source "ChessBase"]
[SourceDate "2022.10.05"]
[SourceVersion "1"]
[SourceVersionDate "2022.10.05"]
[SourceQuality "1"]

1. e4 c5 2. Nf3 d6 3. d4 cxd4 4. Nxd4 Nf6 5. Nc3 a6 6. f3 e5 7. Nb3 Be6 8. Be3 Be7 9. Qd2 Nbd7 10. 0-0-0 h5 11. h3 b5 12. Nd5 Bxd5 13. exd5 h4 14. Na5 Qc7 15. Bf2 Rc8 16. Nc6 Bf8 17. Kb1 Nb6 18. Bxb6 Qxb6 19. Qe1 Nxd5 20. Nxe5 dxe5 21. Rxd5 f6 22. Qe4 Kf7 23. Bd3 Rh6 24. Rd1 Rc7 25. Qg4 g6 26. Rd7+ Be7 27. Rxc7 Qxc7 28. Qe4 f5 29. Qd5+ Kf6 30. c3 Rh8 31. f4 Rd8 32. fxe5+ Qxe5 33. Qc6+ Rd6 34. Qe8 Qg3 35. Kc2 Qxg2+ 36. Rd2 Qxh3 37. Qh8+ Kg5 38. Qe5 Bf8 39. Qe8 Rf6 40. Qa8 Kh6 41. Be2 Qe3 42. Bf3 Bg7 43. Re2 Qc5 44. Qb8 Qd6 45. Qa7 Re6 46. Rd2 Qe7 47. Rd7 Qf6 48. Rf7 Qe5 49. Qf2 Qg3 50. Qd2+ g5 51. Qd7 Qe5 52. Rxg7 Qxg7 53. Qxe6+ Qg6 54. Qxg6+ Kxg6 55. a4 g4 56. Bg2 f4 57. Kd3 Kf5 58. axb5 axb5 59. c4 bxc4+ 60. Kxc4 f3 61. Bh1 Kf4 0-1

[Event "Camaguey 503 op"]
[Site "Camaguey"]
[Date "2017.02.03"]
[Round "5.5"]
[White "Sotolongo Lezcano, Javier"]
[Black "Bello Rodriguez, Jonathan"]
[Result "0-1"]
[WhiteElo "1800"]
[BlackElo "1890"]
[PlyCount "56"]
[EventDate "2017.02.01"]
[EventType "swiss"]
[EventRounds "9"]
[EventCountry "CUB"]
[SourceTitle "EXT 2023"]
[Source "ChessBase"]
[SourceDate "2022.10.05"]
[SourceVersion "1"]
[SourceVersionDate "2022.10.05"]
[SourceQuality "1"]

1. e4 c5 2. c3 d5 3. exd5 Qxd5 4. d4 Nc6 5. Nf3 Nf6 6. Be2 Bf5 7. Be3 e6 8. 0-0 Rd8 9. dxc5 a5 10. Na3 Be7 11. c4 Qe4 12. Qb3 0-0 13. Nb5 Nb4 14. Nd6 Bxd6 15. cxd6 Nc2 16. Rad1 Nxe3 17. fxe3 Ng4 18. Rd3 Qc6 19. Rd2 Rxd6 20. Rxd6 Qxd6 21. h3 a4 22. Qc3 Nf6 23. Rd1 Qc7 24. Nd4 Bxh3 25. gxh3 Qg3+ 26. Kf1 Qxh3+ 27. Ke1 Ne4 28. Qc2 Qg3+ 0-1

[Event "Camaguey 503 op"]
[Site "Camaguey"]
[Date "2017.02.02"]
[Round "3.5"]
[White "Bello Rodriguez, Jonathan"]
[Black "Perez Marimon, Jorge De Jesus"]
[Result "1/2-1/2"]
[WhiteElo "1890"]
[BlackElo "1948"]
[PlyCount "83"]
[EventDate "2017.02.01"]
[EventType "swiss"]
[EventRounds "9"]
[EventCountry "CUB"]
[SourceTitle "EXT 2023"]
[Source "ChessBase"]
[SourceDate "2022.10.05"]
[SourceVersion "1"]
[SourceVersionDate "2022.10.05"]
[SourceQuality "1"]

1. e4 e5 2. Nf3 Nc6 3. Bb5 a6 4. Bxc6 dxc6 5. 0-0 f6 6. d4 exd4 7. Nxd4 c5 8. Nb3 Qxd1 9. Rxd1 Bg4 10. f3 Be6 11. Bf4 c4 12. Nc1 Bc5+ 13. Kh1 Rd8 14. Rxd8+ Kxd8 15. Nc3 Ne7 16. N1e2 g5 17. Bg3 h5 18. h4 Ng6 19. hxg5 fxg5 20. Rd1+ Kc8 21. Nd4 Bd7 22. Nd5 h4 23. Bxc7 h3 24. g3 h2 25. c3 Bc6 26. Ne6 Bg1 27. Nb6+ Bxb6 28. Bxb6 g4 29. Nd4 gxf3 30. Nxc6 bxc6 31. Bd4 Rh3 32. Rd2 Rxg3 33. Kxh2 Rg4 34. Rf2 Rxe4 35. Rxf3 Re2+ 36. Rf2 Rxf2+ 37. Bxf2 Kd7 38. Kg3 Ke6 39. Kf3 Kd5 40. Bg3 Nf8 41. Bf2 Ne6 42. Be3 1/2-1/2

[Event "Camaguey 503 op"]
[Site "Camaguey"]
[Date "2017.02.02"]
[Round "4.1"]
[White "Bello Rodriguez, Jonathan"]
[Black "Rodriguez Perez, Carlos"]
[Result "1/2-1/2"]
[WhiteElo "1890"]
[BlackElo "1923"]
[PlyCount "109"]
[EventDate "2017.02.01"]
[EventType "swiss"]
[EventRounds "9"]
[EventCountry "CUB"]
[SourceTitle "EXT 2023"]
[Source "ChessBase"]
[SourceDate "2022.10.05"]
[SourceVersion "1"]
[SourceVersionDate "2022.10.05"]
[SourceQuality "1"]

1. e4 e5 2. Nf3 Nc6 3. Bb5 a6 4. Bxc6 dxc6 5. 0-0 Bg4 6. h3 h5 7. d3 Qf6 8. Nbd2 0-0-0 9. Re1 Bxf3 10. Nxf3 Ne7 11. Bg5 Qe6 12. Qd2 f6 13. Be3 g5 14. Nh2 Ng6 15. Qe2 c5 16. f3 Bd6 17. c3 Nf4 18. Bxf4 gxf4 19. Red1 Rdg8 20. Kh1 Rg5 21. a3 Rhg8 22. Rg1 Be7 23. Qc2 Qd7 24. Rac1 c4 25. d4 exd4 26. cxd4 Qxd4 27. Qxc4 Qxc4 28. Rxc4 Rb5 29. Rc2 Bd6 30. Rd1 Be5 31. b4 a5 32. Rb1 Rd8 33. Nf1 axb4 34. axb4 Rd4 35. Rc5 Rxc5 36. bxc5 Rc4 37. h4 Rxc5 38. Kh2 Rc2 39. Kh3 c5 40. g4 fxg3 41. Nxg3 Bxg3 42. Kxg3 c4 43. Kf4 c3 44. Rb3 Rc1 45. Ke3 Kc7 46. Kd3 Kc6 47. f4 b5 48. e5 fxe5 49. fxe5 Kc5 50. Rxc3+ Rxc3+ 51. Kxc3 Kd5 52. Kb4 Kxe5 53. Kxb5 Kf4 54. Kc4 Kg4 55. Kd3 1/2-1/2